Pick the European Cuisines II Quiz Stats

 Plays Quiz Updated Jun 26, 2017

Support Sporcle.
Go Orange.
Score 0/28 Timer 05:00
0 Plays Today
Question Answer Wrong Answers
Croque-monsieur French
95.8%
Spanish
0.3%
Italian
0.3%
Greek
0.2%
Ravioli Italian
95.4%
French
0.8%
Spanish
0.3%
Greek
0.1%
Crêpes French
95%
Spanish
0.5%
Italian
0.6%
Greek
0.5%
Coq au vin French
94.9%
Spanish
0.8%
Italian
0.7%
Greek
0.4%
Cannoli Italian
94.3%
French
1.2%
Spanish
0.7%
Greek
0.4%
Baguette French
94.3%
Spanish
0.3%
Italian
2%
Greek
0.2%
Loukaniko Greek
93.6%
French
0.6%
Spanish
1.5%
Italian
1%
Tirokafteri Greek
93.4%
French
0.6%
Spanish
1%
Italian
1.6%
Loukoumades Greek
92.8%
French
1.3%
Spanish
1.9%
Italian
0.5%
Escargots French
92.6%
Spanish
2.4%
Italian
0.9%
Greek
0.9%
Prosciutto Italian
92.3%
French
1.6%
Spanish
2.6%
Greek
0.3%
Tapas Spanish
90.7%
French
0.6%
Italian
0.7%
Greek
4.6%
Cassoulet French
90.2%
Spanish
2.8%
Italian
2%
Greek
1.7%
Paella Spanish
90.1%
French
0.9%
Italian
4.5%
Greek
1.2%
Focaccia Italian
89.5%
French
2.4%
Spanish
2.6%
Greek
2.2%
Biscotti Italian
88.2%
French
7.7%
Spanish
0.6%
Greek
0.3%
Bruschetta Italian
87.9%
French
6.2%
Spanish
2.1%
Greek
0.5%
Bisque French
87.3%
Spanish
6.6%
Italian
2.2%
Greek
0.6%
Hornazo Spanish
79%
French
0.9%
Italian
5.8%
Greek
10.7%
Yemista Greek
79%
French
1%
Spanish
14.2%
Italian
2.3%
Fakes Greek
75.5%
French
7%
Spanish
11.2%
Italian
2.7%
Cocido Spanish
74.3%
French
2.7%
Italian
13.3%
Greek
6.3%
Salame Italian
72.6%
French
6.4%
Spanish
11.7%
Greek
6%
Pringá Spanish
69.3%
French
3.8%
Italian
9.7%
Greek
13.7%
Caparrones Spanish
62.9%
French
5.4%
Italian
25.2%
Greek
3%
Fideuà Spanish
61%
French
14.3%
Italian
6.3%
Greek
15%
Pastitsio Greek
29.8%
French
2.5%
Spanish
13.9%
Italian
50.6%
Fasolada Greek
27.4%
French
1.4%
Spanish
52.8%
Italian
15.2%

You're not logged in!

Compare scores with friends on all Sporcle quizzes.
OR
Log In
Forgot?

From the Vault

'Party in the USA' Lyrics

by arctanproject

We like to think of this as the pre-twerk Miley days.
Remove Ads.
Support Sporcle.
Get the best of Sporcle when you Go Orange. This ad-free experience offers more features, more stats, and more fun while also helping to support Sporcle. Thank you for becoming a member.

Show Comments

Extras

Top Quizzes Today


Score Distribution

Your Account Isn't Verified!

In order to create a playlist on Sporcle, you need to verify the email address you used during registration. Go to your Sporcle Settings to finish the process.

Report this User

Report this user for behavior that violates our Community Guidelines.

Details: